| 000 | 00727nam a22002297a 4500 | ||
|---|---|---|---|
| 005 | 20170124105937.0 | ||
| 010 | _aA-779443 | ||
| 020 | _c330.00 | ||
| 035 | _aA-779443 | ||
| 037 | _bCen Lib/Ret | ||
| 040 |
_aDPL _bEN |
||
| 082 |
_a220.24 _bSEN |
||
| 100 |
_aSen, Pritam _910187 |
||
| 245 |
_aGod's love in upanishad philosophies / _cby Pritam Sen |
||
| 260 |
_aBombay _bBhartiya Vidya Bhavan _c1995 |
||
| 270 |
_aKulpati Munshi Marg _bBombay _e400007 |
||
| 300 |
_axxvii,443p. _c21cm(Hb) |
||
| 500 | _aIncludes bibliographical references | ||
| 650 |
_aUpanishads -- Criticism, interpretation, etc _973443 |
||
| 650 |
_aLove -- Religious aspects -- Hinduism _910188 |
||
| 942 |
_2ddc _cEN _h220.24 _mSEN |
||
| 999 |
_c124288 _d124288 |
||